Statistics for The Tortured Poets Department First Lyrics Quiz (TTPD)

Click here to take the quiz!

General Stats

  • This quiz has been taken 539 times
  • The average score is 22 of 31

Answer Stats

LyricsSong% Correct
You look like [Song Title] in this light, remarkableClara Bow
92%
You left your typewriter at my apartmentThe Tortured Poets Department
92%
I was supposed to be sent away, but they forgot to come and get meFortnight
88%
Now and then she re-reads [Song Title]The Manuscript
86%
Forgive me, [Song Title], my lost fearless leaderPeter
85%
I can read your mind, "She's having the time of her life"I Can Do It With a Broken Heart
82%
The "who's who" of "who's that?" is poised for the attackWho's Afraid of Little Old Me?
81%
Oh, here we go again, the voices in his headMy Boy Only Breaks His Favorite Toys
76%
I feel [Song Title] every time I look at youSo High School
76%
Now pretty baby I'm runnin' back home to youFresh Out The Slammer
75%
This happens once every few lifetimesThe Alchemy
73%
You can beat the heat if you beat the charges tooFlorida!!!
72%
Did you really beam me up in a cloud of sparkling dust?Down Bad
70%
By all accounts, she almost drowned when she was six in frigid waterThe Bolter
70%
I forget how the West was wonBut Daddy I Love Him
69%
I saw in my mind fairy lights through the mistSo Long, London
68%
Quick, quick, tell me something awfulI Hate It Here
67%
Wise men once said "Wild winds are death to the candle"The Albatross
67%
I am someone who, until recent events, you shared your secrets withThe Black Dog
67%
We hereby conduct this post mortemHow Did It End?
66%
Drownin' in the Blue Nile, he sent me "Downtown Lights"Guilty as Sin?
65%
Who's gonna stop us from waltzing back into rekindled flames?loml
65%
Long may you reign, you're an animalRobin
65%
Was any of it true, gazing at me starry-eyed?The Smallest Man Who Ever Lived
64%
When I picture my hometownthanK you aIMee
63%
Hand on the throttle, thought I caught lightning in a bottleThe Prophecy
63%
Your hologram stumbled into my apartmentChloe or Sam or Sophia or Marcus
62%
Lilac short skirt, the one that fits me like skinimgonnagetyouback
60%
The smoke cloud billows out his mouth like a freight train through a small townI Can Fix Him (No Really I Can)
55%
I was in my new house placing daydreamsCassandra
54%
I had died the tiniest deathI Look In People's Windows
48%

Score Distribution

Percentile by Number Answered

Percent of People with Each Score

Your Score History

You have not taken this quiz